000 00743nam a2200205Ia 4500
005 20241129110152.0
008 241129s9999||||xx |||||||||||||| ||und||
037 _aTB
040 _aARTS
_bpun
_cARTS
041 _apun
_2pun
084 _aMY2wM86 153R3
_qARTS
100 _aਗਿੱਲ, ਨਵਦੀਪ ਸਿੰਘ, ਚ।
245 0 _aਫਰਾਟਾ ਕਿੰਗ: ਓਸੈਨ ਬੋਲਟ
_cਗਿੱਲ, ਨਵਦੀਪ ਸਿੰਘ, ਚ।
260 _aਚੰਡੀਗੜ੍ਹ, ਭਾਰਤ
_bਚੰਡੀਗੜ੍ਹ ਯੂਨੀਸਟਾਰ
_c2023
300 _a79ਪ੍ਰ0
365 _aINR
_b250
650 _aUseful ArtsPhysical Education
_9726683
942 _cTB
_hMY2wM86 153R3
999 _c1227577
_d1227577